000 006060000a22002050004500
090 _aAR
_b00218
245 1 0 _aStudien an Lacerta trilineata aus rumanien mit beschreibung einer neuen unterart
650 1 4 _aLagartos
_993071
650 1 4 _aReptiles
_992767
650 1 4 _aFauna
_992594
650 1 4 _aZoogeografía
_993082
650 1 4 _aHerpetología
_98027
650 1 4 _aBiología
_992
653 _gLacerta
_eLacerta trilineata
041 0 _aAlemán
700 1 _aMertens, Robert
_993053
100 1 _aFuhn, J. E.
_993083
942 _cARTICULO
773 1 _tSenckenbergiana Biologica
_32
_h1-2
_q25-42
_d1959
_g40
999 _c9318
_d9318